00915cam a2200157 450000500170000000800410001702000150005805000210007310000210009424504990011525000110061426000480062530000220067365000280069570000340072320251003080526.0031006s1996 Ag 000 0 spa u a950971483604aKHA472bC34 19961 aCahián, Adolfo10aDerecho de las fundaciones b : Constitución de las fundaciones, Objeto y patrimonio fundacionales, Fundaciones: gobierno y administración, Disolución y liquidación, Régimen de fiscalización, Solicitud de personería jurídica y de aprobación de reformas estatutarias, Presentación de documentación ante el consejo de administración, Modelos, Tramitaciones, Régimen contable e impositivo, Normativa legal y reglamentaria c / Adolfo Cahián ; prólogo de Avelino Porto a1a ed. aBuenos Aires : bEdiciones La Rocca, c1996 a429 p. : c23 cm. 4aFundaciones zArgentina1 aPorto, Avelino, eprologuista